La Obra post-escolar de la Escuela del Trabajo
Descripción Física:
167 p. : il. ; 19 cm
MARC
| LEADER | 00000nam a2200000Ia 4500 | ||
|---|---|---|---|
| 001 | 9436 | ||
| 008 | 160829s1925 xx 000 0 cat d | ||
| 080 | |a E-1-150 | ||
| 110 | 2 | |a Escola del Treball (Barcelona, Catalunya) |9 54586 | |
| 245 | |a La Obra post-escolar de la Escuela del Trabajo | ||
| 260 | |a Barcelona : |b (Imp. Casa Caritat), |c 1925 | ||
| 300 | |a 167 p. : |b il. ; |c 19 cm | ||
| 590 | |a Abans del títol: Diputación Provincial de Barcelona. | ||
| 590 | |a Hi ha un duplicat : DUP-16 | ||
| 610 | 2 | 0 | |9 54586 |a Escola del Treball (Barcelona, Catalunya) |
| 710 | 1 | |a Barcelona (Catalunya : Província). |b Diputació |9 52408 | |
| 901 | |a Arxiu | ||
| 942 | |n 1 |2 udc | ||
| 952 | |0 0 |1 0 |4 0 |6 E1150 |7 1 |9 42626 |a Arxiu |b Arxiu |d 2016-12-01 |l 0 |o E-1-150 |p 9436 |r 2016-12-01 00:00:00 |w 2016-12-01 |y ARXIU | ||
| 999 | |c 45132 |d 45132 | ||